000 00598nam a2200205Ia 4500
003 OSt
005 20250304141505.0
008 210210b1996 xxu||||| |||| 00| 0 eng d
040 _cAL
041 _aKannada
082 _aK894.9 RAHM
100 _aRAHAMAT TARIKERE.
_dರೆಹಮತ್ ತರೀಕೆರೆ
_9203737
245 _aMaradolagana kicchu.
_bಮರದೊಳಗಣ ಕಿಚ್ಚು
260 _aKamalapura
_bKannada Vishvavidyalaya
_c1996
300 _axii,274
650 _aPratisamskrati
_9203738
690 _aKannada Criticism
_9203739
906 _a051523
942 _2ddc
_cBK
999 _c99757
_d99757